000 01342nam a2200241 a 4500
003 DO-SdBNP
005 20250910122621.0
007 ta
008 220527e2004 dr gr|||| 001 e spa d
020 _a9993424137
040 _aDO-SdBNP
_bspa
_cBNPHU
082 4 _axxxx
_bP421n
_222
100 1 _913174
_aPepén, Juan F.
_q (Juan Felix)
_eMons.
_d1920-2007
245 1 3 _aLa nación que Duarte quiso /
_cJuan F. Pepén ; editor, Raymundo González
260 _aSanto Domingo :
_bCentro Poveda,
_c2004.
300 _a202 p. ;
_c21 cm
505 _aPrimera Parte: El pensamiento.
_gCapítulo 1.
_tEl ideal durtiano.--
_gCapítulo 2.
_tDuarte y los valores.--
_gCapítulo 3.
_tSu Ideario.--
_gCapítulo 4.
_tIdentidad Nacional.--
_gCapítulo 5.
_tLa Patria.--
_gCapítulo 6.
_tSímbolos patrios.--
_gCapítulo 7.
_tAnte una crisis.--
_gCapítulo 8.
_tLa Reforma necesaria.--
_gCapítulo 9.
_tPaz social.--
_gCapítulo 10.
_tNuestras instituciones.--
_gCapítulo 11.
_tEl bien común.--
_gCapítulo 12.
_tPromoción integral.
_gCapítulo 13.
_tSiempre adelante.--
_gCapítulo 14.
_tJuntos y unidos.--
_gCapítulo 15.
_tCon realismo.--
_gCapítulo 16.
_tPor un proyecto nacional.--
_tConclusión.
590 _aInventariado, 2022/ MFe
600 1 0 _aDuarte, Juan Pablo,
_d1813-1876
_91494
700 1 _aGonzález, Raymundo
_eed.
_96373
910 _aMFeliz
942 _2ddc
_cLBS1
999 _c51832
_d51832